1058 1714 1608 1729 1965 1549 1123 1984 1276 1812 1787 1864 1798 1521 1443 1889 1979 1598 1066 1340 1613 1796 1288 1420 1685 1413 1431 1091 1567 1643 1930 1511 1134 1494 1435 1232 1723 1784 1808 1577 1437 1965 1267 1095 1669 1844 1270 1506 1463 1606 1835 1947 1866 1570 1936 1166 1136 1239 1186 1237 1072 1453 1434 1747 1961 1797 1190 1353 1474 1730 1069 1781 1025 1610 1354 1066 1927 1770 1479 1258 1870 1234 1798 1116 1511 1681 1742 1787 1482 1979 1242 1263 1564 1529 1550 1482 1842 1479 1303 BCNSPRNW ULIB Ver.6.0+V

เปลี่ยนเป็นภาษาไทย

Change to English
 แสดงรายละเอียดบรรณานุกรม
  กลับหน้าหลัก

Brief Record : Get Marc (ISO 2709) : E-mail record : QR code < ปิดหน้าต่าง
LEADER : 00000nam 2200000uu 4500
001    13399111530
003     ULIB
008    110630s||||||||th 000 0 tha d
050  4 BQ4570^bธ352พ 2545
110 0  ธรรมรักษา
245 10 พระไตรปิฎกฉบับปฏิบัติ /^cธรรมรักษา
260    พระนคร :^bธรรมรักษา,^c2545
300    233 หน้า
650  7 พระไตรปิฎก
945    ^p110^l0^i019526
995    ทศพร
999 ^a ใช้งานได้ทุกระบบ
รายการนี้ยังไม่มีแท็ก
คุณยังไม่ได้ล็อกอิน คุณสามารถมีกิจกรรมร่วมกับเว็บไซต์ได้ แต่ต้องล็อกอินก่อน ::
  ล็อกอิน

รายการสื่อสารสนเทศ

ลำดับที่ ประเภท เลขเรียก/บาร์โค้ด สถานที่ สถานะ
- ไม่พบข้อมูล -

รายการใกล้เคียง
    หัวเรื่อง [พระไตรปิฎก]

BibComment


ยังไม่เคยถูกคอมเมนท์

คอมเมนท์ทรัพยากรรายการนี้
  คอมเมนท์: พระไตรปิฎกฉบับปฏิ..


 Copyright 2026. Bcnsprnw @Library